12 Silhouettes of Famous Buildings Quiz Stats

 Plays Quiz Updated Jan 9, 2016

Score 0/12 Timer 04:00
7 Plays Today
% Correct
The Leaning Tower of Pisa (Pisa, Italy)
96.5%
The Taj Mahal (Agra, India)
93.5%
The Sydney Opera House (Sydney, Australia)
92.4%
The Great Pyramids (Cairo, Egypt)
88%
The Empire State Building (New York, USA)
85.3%
The Houses of Parliament (London, UK)
83%
The Colosseum (Rome, Italy)
79.9%
The United States Capitol (Washington D.C., USA)
64.3%
St. Basil's Cathedral (Moscow, Russia)
61.1%
The CN Tower (Toronto, Canada)
51.5%
The Brandenburg Gate (Berlin, Germany)
51.2%
The Petronas Towers (Kuala Lumpur, Malaysia)
35.9%

You're not logged in!

Compare scores with friends on all Sporcle quizzes.
OR
Log In

Show Comments

Extras

Top Quizzes Today


Score Distribution

Your Account Isn't Verified!

In order to create a playlist on Sporcle, you need to verify the email address you used during registration. Go to your Sporcle Settings to finish the process.

Report this User

Report this user for behavior that violates our Community Guidelines.

Details: